00300nam a2200121Ia 4500008004100000041000900041082001500050100002400065245003000089260004300119300000800162650000800170230718s9999 xx 000 0 und d aEng. a301bJAG-I aJaga, Abdul Hameed 0aIntroduction to Sociology aPakistanbNadeem Younus Printingc2016 a434 aLaw